000 00822nam a2200205 a 4500
001 000035951
005 20200930074740.0
008 111121s1996 dr ac 000 0 spa d
040 _aDO-SdBNP
_bspa
_cBNPHU
041 1 7 _aspa
_beng
082 _axx
_bF935
100 1 _aMcKenna, Nancy Durrell
_961977
245 1 3 _aLa frontera :
_bun viaje fotográfico hecho por FUDECO en la República Dominicana /
_cNancy Durrell McKenna ; introducción Horacio J. Ornes Heded ; prefacio, Bernd V. Dreesmann.
246 1 _aViaje fotográfico hecho por FUDECO en la República Dominicana
260 _aSanto Domingo :
_bFundación para el Desarrollo Comunitario,
_c[1996?].
300 _a170 p. (retr) ;
_c21 cm.
500 _aTextos en dos idiomas
700 1 _aOrnes Heded, J.
_eintrod.
_961978
700 1 _aDreesmann, Bernd V.,
_961979
999 _c35442
_d35442